Further developments in scientific optical imaging (Record no. 175597)
[ view plain ]
| 000 -LEADER | |
|---|---|
| fixed length control field | 01126 a2200181 4500 |
| 003 - CONTROL NUMBER IDENTIFIER | |
| control field | Nust |
| 005 - DATE AND TIME OF LATEST TRANSACTION | |
| control field | 20170207152507.0 |
| 020 ## - INTERNATIONAL STANDARD BOOK NUMBER | |
| International Standard Book Number | 0854047840 |
| 040 ## - CATALOGING SOURCE | |
| Transcribing agency | Nust |
| 082 ## - DEWEY DECIMAL CLASSIFICATION NUMBER | |
| Classification number | 621.367 |
| 100 ## - MAIN ENTRY--PERSONAL NAME | |
| Personal name | Denton, M.B. (Ed.) |
| 245 ## - TITLE STATEMENT | |
| Title | Further developments in scientific optical imaging |
| Statement of responsibility, etc. | Denton, M.B. (Ed.) |
| 260 ## - PUBLICATION, DISTRIBUTION, ETC. | |
| Place of publication, distribution, etc. | London |
| Name of publisher, distributor, etc. | Royal Society of Chemistry |
| Date of publication, distribution, etc. | 2000c |
| 300 ## - PHYSICAL DESCRIPTION | |
| Extent | 207 p. |
| 505 ## - FORMATTED CONTENTS NOTE | |
| Formatted contents note | Advancements In Small-Pixel, Video Rate, Backside-Illuminated Charge-Coupled Devices Page 1, New Developments In Three-Dimensional Imaging With Optical Microscopes Page 7, Megacam Page 11.Signal Processing For The SAO Megacam Page 18, Advances In Scientific-Quality Detectors At JPL Page 24, Integrating Elemental And Molecular Imaging Page 31, Ccds For The Instrumentation Of The Telescopio Nazionale Galileo Page 40Spectral Imaging With A Prism Based Spectrometer Page 53, Combining Linear And Neural Processing In Analytic Instruments Page 64, ICIMACS Page 80, Electro-Optical Characterizations Of The CID 17PPRA, CID 38SG Page 83,ROLIS Page 118. |
| 538 ## - SYSTEM DETAILS NOTE | |
| System details note | Almirah No.24 and Shelf No.3 |
| 650 ## - SUBJECT ADDED ENTRY--TOPICAL TERM | |
| Topical term or geographic name entry element | Telecommunication Engineering. |
| 942 ## - ADDED ENTRY ELEMENTS (KOHA) | |
| Koha item type | Reference |
| Withdrawn status | Lost status | Source of classification or shelving scheme | Damaged status | Not for loan | Collection code | Permanent Location | Current Location | Date acquired | Total Checkouts | Full call number | Barcode | Date last seen | Price effective from | Koha item type |
|---|---|---|---|---|---|---|---|---|---|---|---|---|---|---|
| Military College of Signals (MCS) | Military College of Signals (MCS) | 12/12/2016 | 621.367 FUR | MCS28448 | 12/08/2016 | 12/12/2016 | Book |
